000 00853nam a2200229Ii 4500
003 JO-AjNU
008 230605s9999||||xx |||||||||||||| ||und||
017 _a2010/10392
020 _a978-977-379-119-4
040 _aJO-AjNU
_bara
_erda
_cJO-AjNU
041 _aara
050 1 4 _aHG4551.H54 2011
100 3 _aالطوابي، محمد احمد حلمي,
_eauthor
_931952
245 0 0 _aالبورصات وسوق الاوراق المالية في ميزان الفقه الاسلامي
250 _aط1
264 3 1 _aالاسكندرية: دار الفكر الجامعي، 2011
300 _a110ص
_bيحتوي على ببلوغرافية من 101-110ص
336 _atext
_btxt
_2rdacontent
337 _aunmediated
_bn
_2rdamedia
338 _avolume
_bnc
_2rdacarrier
650 4 _aالبورصة - سوق الاوراق المالية
_931953
999 _aA12839
_c16407
_d16407